000 01184nam a2200301 a 4500
001 000024696
005 20240513194432.0
008 110131s1995 ag a r 000 | spa d
020 _a0201625717
040 _aDO-SdBNP
_bspa
_cBNPHU
041 1 7 _aeng
_hspa
_2Código de idioma MARC
082 _a005.73
_bW429e
100 1 _aWeiss, Mark Allen
_950642
240 1 0 _aData structures and algorithm analysis.
_lEspañol
245 1 0 _aEstructuras de datos y algoritmos /
_cMark Allen Weiss ; traducción Jorge Lozano Moreno; colaboración Andoni Eguíluz, Inés Jacob.
260 _aBuenos Aires, (Argentina) :
_bAddison-Wesley Iberoamericana,
_c1995.
300 _a489 p. :
_bil. ;
_c24 cm.
534 _aTítulo original :
_tData structures and algorithm analysis.
500 _aIncluye referencias bibliográficas
650 4 _aEstructuras de datos (informática)
_950643
650 4 _aAlgoritmos
_950644
650 4 _aEstructuras de datos (informática)
_xEspecificaciones
_950645
650 0 _aProcesamiento electrónico de datos
_92306
700 1 _aJorge Lozano Moreno
_etr.
_950646
700 1 _aEguíluz, Andoni
_950647
700 1 _aJacob, Inés
_950648
049 _aBNGR
999 _c24189
_d24189